Statistiken für (Ehemalige) Deutsche Nationalspieler A-Z

Klicken Sie hier um das Quiz zu spielen!

Allgemein

  • Dieses Quiz wurde 95 mal gespielt
  • Das Durchschnittsergebnis liegt bei 18 aus 25

Antwortstatistiken

HinweisSpieler% Korrekt
BDer KaiserFranz Beckenbauer
100%
GOffensiver Mittelfeldspieler für den BVB, Bayern, PSV und Frankfurt. Schoss das Siegtor im WM-Finale 2014 gegen ArgentinienMario Götze
96%
DOffensiver Mittelfeldspieler für Schalke, Wolfsburg und PSG, Weltmeister 2014 und Confed-Cup-Sieger 2017Julian Draxler
93%
NTorhüter bei Schalke und Bayern, der 2014 Weltmeister wurdeManuel Neuer
93%
AIn Ghana geborener Stürmer, bzw. Flügelspieler, welcher zwischen 1999 und 2011 für Schalke spielte und dort mittlerweile als Teammanager arbeitetGerald Asamoah
91%
KBayern-Torhüter und kurzeitiger Präsident. Spieler des Tuniers bei der WM 2002. Der TitanOliver Kahn
91%
HStürmer und später Manager und Präsident der Bayern, Weltmeister 1974, Europameister 1972Uli Hoeneß
91%
MRekordnationalspieler, der im Mittelfeld Gladbachs, Bayerns und Inters spielte. Vertrat Deutschland zwischen 1980 und 2000. Ballon d'Or 1990Lothar Matthäus
89%
SHSV-Legende mit Spitzname "Uns Uwe", erster Torschützenkönig der Bundesliga. WM-Zweiter 1966Uwe Seeler
89%
PStürmer/Offensiver Mittelfeldspieler für Köln, Bayern, Arsenal etc.. Spielte zwischen 2004 und 2017 für die Nationalmannschaft. Besitzer einen DönerbudenketteLukas Podolski
88%
OOffensiver Mittelfeldspieler für Schalke, Bremen, Real, Arsenal, Weltmeister 2014, Anhänger der rechtsextremen Grauen WölfeMesut Özil
87%
EMittelfeldspieler bei Gladbach, Bayern und Florenz. Flog 1994 aus der Nationalmannschaft, nachdem er Fans den Mittelfinger zeigteStefan Effenberg
80%
RStürmer von Rot Weiß Essen, welcher 1954 das entscheidende 3:2 gegen Ungarn beim Wunder von Bern schossHelmut Rahn
79%
CStürmer, der 2007 Meister in Stuttgart wurde, wo er zwischen 2003 und 2014 spielte, Teil des WM-Kaders 2010Cacau
76%
WFCK-Legende und Stadionnamensgeber, Kapitän der Weltmeistermannschaft 1954Fritz Walter
75%
FVerteidiger, der zwischen 2002 bis 2010 für Hertha BSC spielte und dort später für kurze Zeit Sportdirektor warArne Friedrich
70%
JGlatzköpfiger Stürmer für Köln, Rapid, Bayern, Udinese und den FCK. Teilnehmer der EM 2000 und der WM 2002Carsten Jancker
62%
VVerteidiger für Gladbach zwischen 1965 und 1979, gewann als Trainer 1996 die EM, "Der Terrier"Berti Vogts
57%
YFlügelspieler für Gladbach, den FCK, Ajax, Frankfurt, Neapel. Confed-Cup-Sieger 2017Amin Younes
51%
TMittelfeldspieler und Libero für Schalke und Bayern. Schoss 1984 drei Tore für Königsblau bei 6:6 Pokalspiel gegen Bayern. Weltmeister 1990Olaf Thon
51%
LOffensiver Mittelfeldspieler für den 1. FC Köln. Spielte zwischen 1981 und 1990 für die NationalmannschaftPierre Littbarski
51%
IHütete zwischen 1985 und 1996 für den 1. FC Köln, zwischen 1996 und 2001 für Real Madrid und zwischen 1987 und 1994 für die Nationalmannschaft das TorBodo Ilgner
48%
ZLinksverteidiger und Flügelspieler für Bayern, Milan, Liverpool, Tottenham. EM-Sieger 1996, WM-Zweiter 2002Christian Ziege
46%
UAls Stürmer Mitglied der Schalker-Kreisel-Mannschaft der 30er und 40er, fiel im 2. Weltkrieg an der OstfrontAdolf Urban
6%
QOffensivspieler von Eintracht Braunschweig, welcher zwischen 1909 und 1914 drei Mal für Deutschland spielteRichard Queck
2%

Verteilung der Resultate

Perzentil nach korrekt beantworteten Fragen

Anzahl Personen mit jedem Resultat

Ihre Resultats-Entwicklung

Sie haben dieses Quiz noch nicht gespielt